Music Quiz

Random Music or Kpop Quiz

Kpop songs that are group names (Audio) Quiz Stats

 Plays Quiz not verified by Sporcle

Score 0/15 Timer 09:00
0 Plays Today
Time Song % Correct
0:00-0:15Mr.Mr. - Girls' Generation
81.6%
1:15-1:30남자친구 (Boyfriend) - Girls' Generation
71.7%
3:30-3:45The Boys - Girls' Generation
65.3%
1:00-1:15HIGHLIGHT - SEVENTEEN
57.8%
2:45-3:00비밀이야 (Secret) - Cosmic Girls
44.9%
2:00-2:15Ace - Taemin
43.8%
3:15-3:30좋은 날 (Good Day) - IU
37.9%
2:15-2:30Icon - G.NA
35.1%
Time Song % Correct
1:30-1:45Girls Girls - Wonder Girls
28.8%
1:45-2:00My Name - BoA
28.6%
2:30-2:45여자친구 (Girlfriend) - Girls' Generation
24.5%
0:15-0:3021 - Dean
20.6%
0:30-0:45Rainbow - gugudan
8.2%
0:45-1:00Bestie - Jay Park
5.4%
3:00-3:15La Boum - Song Jieun
5.4%

You're not logged in!

Compare scores with friends on all Sporcle quizzes.
OR
Log In

Sporcle TV

Today on Sporcle TV


Watch our educational content, quiz creation guides, and fun videos on Sporcle TV.

Show Comments

Extras

Created Aug 25, 2017ReportNominate
Tags:Kpop Quiz, Kpop Quiz

Top Quizzes Today


Score Distribution

Your Account Isn't Verified!

In order to create a playlist on Sporcle, you need to verify the email address you used during registration. Go to your Sporcle Settings to finish the process.

Report this User

Report this user for behavior that violates our Community Guidelines.

Details: